Common N American feeder birds Quiz Stats

 Plays Quiz not verified by Sporcle

Score 0/36 Timer 09:00
0 Plays Today
% Correct
American Crow
100%
Blue Jay
100%
American Robin
98.2%
Common Raven
90.2%
Brown-headed Cowbird
88.4%
Common Grackle
86.6%
American Goldfinch
84.8%
Downy Woodpecker
83.9%
European Starling
83.9%
Cedar Waxwing
83%
Northern Cardinal
82.1%
Dark-eyed Junco
79.5%
Mourning Dove
79.5%
Hairy Woodpecker
77.7%
Pileated Woodpecker
75.9%
Brown Creeper
74.1%
House Finch
74.1%
Northern Flicker
74.1%
% Correct
Northern Mockingbird
74.1%
Eurasian Collared Dove
73.2%
House Sparrow
72.3%
Purple Finch
69.6%
Red-winged Blackbird
69.6%
Fox Sparrow
67%
Hermit Thrush
66.1%
Rock Pigeon
66.1%
Wild Turkey
65.2%
Song Sparrow
64.3%
Ring-necked Pheasant
64.3%
Red-breasted Nuthatch
63.4%
White-breasted Nuthatch
59.8%
Pine Siskin
57.1%
Ruby-crowned Kinglet
53.6%
White-crowned Sparrow
53.6%
Yellow-rumped Warbler
50%
White-throated Sparrow
47.3%

You're not logged in!

Compare scores with friends on all Sporcle quizzes.
OR
Log In

You Might Also Like...

Show Comments

Extras

Top Quizzes Today


Score Distribution

Your Account Isn't Verified!

In order to create a playlist on Sporcle, you need to verify the email address you used during registration. Go to your Sporcle Settings to finish the process.

Report this User

Report this user for behavior that violates our Community Guidelines.

Details: